French commercial property market update (Record no. 117409)
[ view plain ]
| 000 -LEADER | |
|---|---|
| fixed length control field | 01326cam a2200265 4500 |
| 001 - CONTROL NUMBER | |
| control field | WB4020-03 |
| 008 - FIXED-LENGTH DATA ELEMENTS--GENERAL INFORMATION | |
| fixed length control field | 040527n2004 000 0 eng u |
| 035 ## - SYSTEM CONTROL NUMBER | |
| System control number | (Sirsi) u126300 |
| 245 ## - TITLE STATEMENT | |
| Title | French commercial property market update |
| 260 ## - PUBLICATION, DISTRIBUTION, ETC. | |
| Date of publication, distribution, etc. | 2004 |
| 490 ## - SERIES STATEMENT | |
| Series statement | RICS Economic Forecasts |
| Volume/sequential designation | May 2004 (2) |
| 520 ## - SUMMARY, ETC. | |
| Summary, etc. | "France: commercial update May 2004" published by RICS Policy Unit judges the French economy to have rebounded at the end of 2003, showing further strength into early 2004. Office market rents continue to fall but a slight recovery is expected in 2005. The retail market sees on-going expansion supported by consumer spending but the industrial market is been held back by lacklustre manufacturing recovery. Overall, the commercial property market should continue to enjoy a period of moderate, retail-led expansion. The update is available in English and French at http://www.rics.org/ricscms/bin/show?class=Economi cForecasts&template=/includes/showeconomicforecast s.html&id=22. |
| 590 ## - LOCAL NOTE (RLIN) | |
| Local note | WB |
| 590 ## - LOCAL NOTE (RLIN) | |
| Local note | WB |
| 650 ## - SUBJECT ADDED ENTRY--TOPICAL TERM | |
| Topical term or geographic name entry element | RICS ECONOMIC FORECASTS |
| 650 ## - SUBJECT ADDED ENTRY--TOPICAL TERM | |
| Topical term or geographic name entry element | ECONOMY |
| 650 ## - SUBJECT ADDED ENTRY--TOPICAL TERM | |
| Topical term or geographic name entry element | INDUSTRIAL MARKET |
| 650 ## - SUBJECT ADDED ENTRY--TOPICAL TERM | |
| Topical term or geographic name entry element | EUROPE |
| 650 ## - SUBJECT ADDED ENTRY--TOPICAL TERM | |
| Topical term or geographic name entry element | MANUFACTURING |
| 650 ## - SUBJECT ADDED ENTRY--TOPICAL TERM | |
| Topical term or geographic name entry element | OFFICE RENTS |
| 650 ## - SUBJECT ADDED ENTRY--TOPICAL TERM | |
| Topical term or geographic name entry element | OFFICE MARKET |
| 650 ## - SUBJECT ADDED ENTRY--TOPICAL TERM | |
| Topical term or geographic name entry element | FRANCE |
| 690 ## - LOCAL SUBJECT ADDED ENTRY--TOPICAL TERM (OCLC, RLIN) | |
| Topical term or geographic name as entry element | COMMERCIAL PROPERTY-MARKET |
| 942 ## - ADDED ENTRY ELEMENTS (KOHA) | |
| Suppress in OPAC | 0 |
| Withdrawn status | Lost status | Source of classification or shelving scheme | Damaged status | Not for loan | Home library | Current library | Shelving location | Date acquired | Total Checkouts | Full call number | Barcode | Date last seen | Copy number | Price effective from | Koha item type |
|---|---|---|---|---|---|---|---|---|---|---|---|---|---|---|---|
| Dewey Decimal Classification | London | London | News article | 27/05/2004 | WB4020-03 | 126300-1001 | 06/08/2019 | 1 | 06/08/2019 | News article |